000 01043nam a2200301 c 4500
003 BLK
005 20200914102735.0
008 180408b bul|||||r ||||||| ||bul||
010 _aKNG00043076000
040 _aBLK
041 _aBUL
_cBUL
080 _aБългарска литература
_b821.163.2
_x-31
_z821.163.2-31
100 1 _aВелков, Крум Делчев
_eпърви автор
_9276764
139 _aВелков, Крум Делчев
_bВ 43
245 1 0 _aСело Борово : Роман; Водител : Истор. роман
_cКрум Делчев Велков.
250 _aНово изд.
257 _aBGR
260 София
_bБълг. писател
_c1982
300 _a288 с., 1 л. портр.
_c21 см
380 _aX
490 1 _aБиблиотека Български писатели
500 _a10130 тир.
852 _aЦб 114122
856 4 _qpdf
_u
856 4 _qpdf
_u
942 _cKNG
_n0
_01
944 _aCR
_c30.08.2016
_kНора_Радева
944 _aED
_c30.08.2016
_kНора_Радева
999 _c39707
_d39707